00844 2200325 4500001002100000005001500021007000300036008004100039020001800080035002000098040001700118041000800135082001000143084001600153090002100169100002400190245004000214250001400254264003800268300003900306336002100345337003000366338002300396650001700419850001000436990001800446990001800464990001800482990001800500INLIS00000000000734120260602032859ta260602 0  a979-518-239-0 a0010-0822000315 aSBPUPADbInd17aInd a629.8 a629.8 DAR a a620 AHM m L 19-20 aDaryantoePengarang1 aAlat Pesawat Pengangkat /cDaryanto a.- cet. 2 a.--Jakarta :bRineka Cipta,c1992 avii, 151 hlm :bilus ;c14 x 20 cm 2rdacontentateks 2rdamediaatanpa perantara 2rdacarrieravolume 4aTeknik Mesin aPUPAD a18050/Br.2013 a18051/Br.2013 a18052/Br.2013 a18053/Br.2013